Timeless houses : (Record no. 7555)

000 -LEADER
fixed length control field 00623cam a22001695i 4500
003 - CONTROL NUMBER IDENTIFIER
control field OSt
005 - DATE AND TIME OF LATEST TRANSACTION
control field 20200313051629.0
008 - FIXED-LENGTH DATA ELEMENTS--GENERAL INFORMATION
fixed length control field 180731s2017 ii a 000 0 eng
020 ## - INTERNATIONAL STANDARD BOOK NUMBER
International Standard Book Number 9788193440100
Qualifying information (hardback)
100 1# - MAIN ENTRY--PERSONAL NAME
Personal name Aggarwal, Kapil,
Relator term curator.
245 10 - TITLE STATEMENT
Title Timeless houses :
Remainder of title India, Sri Lanka, Bangladesh, Pakistan /
Statement of responsibility, etc curator, Architect Kapil Aggarwal ; editor, Mamta Upadhyaya ; co-editor, Dhriti Dhaundiyal.
250 ## - EDITION STATEMENT
Edition statement 1st edition.
300 ## - PHYSICAL DESCRIPTION
Extent 311 pages :
Other physical details illustrations (black and white, and color) ;
Dimensions 31 cm
700 1# - ADDED ENTRY--PERSONAL NAME
Personal name Upadhyaya, Mamta,
Relator term editor.
700 1# - ADDED ENTRY--PERSONAL NAME
Personal name Dhaundiyal, Dhriti,
Relator term editor.
942 ## - ADDED ENTRY ELEMENTS (KOHA)
Source of classification or shelving scheme
Holdings
Withdrawn status Lost status Source of classification or shelving scheme Damaged status Koha normalized classification for sorting Not for loan Permanent location Current location Date acquired Full call number Barcode Date last seen Price effective from Koha item type Total Checkouts Date last borrowed Source of acquisition Cost, normal purchase price Cost, replacement price
        690_837000000000000_AGG   BMS College of Architecture, Design and Planning BMS College of Architecture, Design and Planning 2020-03-13 690.837 AGG AR-UG1702 2020-03-13 2020-03-13 UG Books          
        690_837000000000000_AGG   BMS College of Architecture, Design and Planning BMS College of Architecture, Design and Planning 2020-03-17 690.837 AGG AR-UG1542 2022-04-01 2020-03-17 UG Books 1 2022-03-23      
        690_837000000000000_AGG   BMS College of Architecture, Design and Planning BMS College of Architecture, Design and Planning 2022-03-28 690.837 AGG AR-UG2642 2022-04-04 2022-04-04 UG Books     6 3150.00 4500.00
Copyright © 2025, The Librarian, Library and Information Centre, BMSCA D&P, Bengaluru. All Rights Reserved
web counter

Powered by Koha